Úroveň kavárenské kultury - mystery shopping ve vybraných podnicích v Jihlavě

História kaviarní. Káva ako komodita. Kaviareň a jej špecifiká. Skúmanie stavu kaviarenskej kultúry vo vybraných kaviarňach v Jihlave. Výsledky prieskumu uskutočneného v r. 2016.

Uložené v:
Podrobná bibliografia
Hlavný autor: Scholz, Petr
Ďalší autori: Yankov, Janko
Médium: Kapitola
Jazyk:Czech
Predmet:
Tagy: Pridať tag
Žiadne tagy, Buďte prvý, kto otaguje tento záznam!

MARC

LEADER 00000nla a2200000 4500
001 0238708
005 20250522122935.4
041 0 |a cze 
044 |a CZ 
245 1 0 |a Úroveň kavárenské kultury - mystery shopping ve vybraných podnicích v Jihlavě  |c Petr Scholz, Janko Yankov 
520 |a História kaviarní. Káva ako komodita. Kaviareň a jej špecifiká. Skúmanie stavu kaviarenskej kultúry vo vybraných kaviarňach v Jihlave. Výsledky prieskumu uskutočneného v r. 2016. 
610 2 0 |a káva 
610 2 0 |a kaviarne 
610 2 0 |a kultúra 
610 2 0 |a prieskum 
610 2 0 |a zákazníci 
610 2 0 |a mestá 
610 2 0 |a mystery shopping 
610 2 0 |a Česko 
100 1 |a Scholz, Petr 
700 1 |a Yankov, Janko